15 secondes : Friends - Statistiques

Statistiques générales
  • Ce quiz a été pris 157 fois
  • Le résultat moyen est 5 sur 6
Statistiques - réponses
Personnages % Correct
Rachel Green
94%
Ross Geller
91%
Chandler Bing
90%
Monica Geller
90%
Joey Tribbiani
85%
Phoebe Buffay
71%
Aucun quiz correspondant
Distribution des résultats
% des personnes avec chaque résultat
Percentile par nombre de réponses
Votre historique - résultats
Vous n’avez pas pris ce quiz